Calciatori Manchester United Squadra della stagione dell'Europa League - Statistics

Statistiche generali
  • Questo quiz è stato fatto 7 volte
  • Il punteggio medio è 7 su 16
Statistiche sulle risposte
Numero apparizioni Edizioni apparizioni Nazione Calciatore % Corretto
2 2016-2017; 2020-2021 Francia Paul Pogba
83%
1 2016-2017 Ecuador Antonio Valencia
67%
1 2015-2016 Spagna David de Gea
67%
1 2016-2017 Svezia Zlatan Ibrahimović
67%
2 2019-2020; 2020-2021 Portogallo Bruno Fernandes
50%
1 2016-2017 Paesi Bassi Daley Blind
50%
1 2016-2017 Costa d'Avorio Eric Bailly
50%
1 2019-2020 Brasile Fred
50%
1 2020-2021 Inghilterra Harry Maguire
50%
1 2016-2017 Armenia Henrikh Mkhitaryan
50%
2 2019-2020; 2022-2023 Inghilterra Marcus Rashford
50%
1 2020-2021 Scozia Scott McTominay
33%
1 2016-2017 Argentina Sergio Romero
33%
1 2016-2017 Spagna Ander Herrera
17%
1 2020-2021 Uruguay Edinson Cavani
17%
1 2020-2021 Inghilterra Aaron Wan-Bissaka
0%
Nessun quiz corrispondente trovato
Distribuzione punteggi
Percentuale di utenti per punteggio
Percentile per numero di risposta
I tuoi punteggi nel tempo
Non hai fatto questo quiz